| 000 | 00699nam a2200241 4500 | ||
|---|---|---|---|
| 003 | OSt | ||
| 005 | 20260530115300.0 | ||
| 008 | 260417b1991 sp |||| |||| 00| 0 spa d | ||
| 020 | _a8487189946 | ||
| 040 |
_aICI _bspa _cICI |
||
| 050 | 4 |
_aTS156 _bC35 |
|
| 100 | 1 |
_aDiaz de Santos _931094 |
|
| 245 | 0 | 3 |
_aLa calidad en el área de Diseño _cAsociación de la Industria Navarra |
| 264 | 1 |
_b Diaz de Santos _c1991 _aMadrid : |
|
| 300 | _a125 páginas | ||
| 336 |
_atexto _2rdacontent |
||
| 337 |
_asin medio _2rdamedia |
||
| 338 |
_avolumen _2rdacarrier |
||
| 650 | 4 | _aControl de calidad | |
| 650 | 4 | _2 Diseño industrial | |
| 710 | 2 |
_aAsociación de la Industria Navarra _931096 |
|
| 942 |
_2ddc _cBK |
||
| 999 |
_c12803 _d12803 |
||